Escribe las capitales de todos los paises de Hispanoamerica - Estadísticas

Estadísticas generales
  • Esta prueba ha sido intentada 161 veces
  • La puntuación promedio es 16 de 18
Estadísticas de respuestas
Imagen Hint Respuesta % Correcto
Argentina Buenos Aires
100%
Bolivia La Paz / Sucre
95%
Perú Lima
95%
Venezuela Caracas
93%
Panamá Ciudad de Panamá
93%
Ecuador Quito
93%
Colombia Bogotá
92%
México Ciudad de México
92%
Cuba La Habana
91%
Chile Santiago de Chile
91%
Uruguay Montevideo
90%
El Salvador San Salvador
87%
Paraguay Asunción
84%
Guatemala Ciudad de Guatemala
84%
Costa Rica San José
84%
Nicaragua Managua
78%
República Dominicana Santo Domingo
77%
Honduras Tegucigalpa
74%
No se encontraron pruebas coincidentes
Distribución de puntuación
Porcentaje de gente con cada puntuación
Porcentaje por número respondido
Historial de tus puntuaciones
No has intentado esta prueba.